| 000 | 01372nam a2200265Ia 4500 | ||
|---|---|---|---|
| 003 | OSt | ||
| 005 | 20220930095014.0 | ||
| 006 | a|||||r|||| 00| 0 | ||
| 007 | ta | ||
| 008 | 220926b |||||||| |||| 00| 0 hin d | ||
| 024 | _a66257 | ||
| 037 | _cTheses | ||
| 040 |
_aCRL _cCRL _bhin |
||
| 041 |
_2hin _ahin |
||
| 100 |
_aगुप्ता, दीपक कुमार, ले. _9157333 |
||
| 110 |
_aदिल्ली विशविद्यालय. कला संकाय. दर्शनशास्त्र विभाग _9556890 |
||
| 245 | 0 | _aभर्तृहरि के दर्शन में शब्दार्थ सम्बन्ध एवं विवक्षा की अवधारणा का एक दार्शनिक अध्ययन, दीपक कुमार गुप्ता | |
| 246 | _aBhartṛuhari ke darshan mean shabdārtha sambandha evan vivakṣhā kī avadhāraṇā kā ek dārshanik adhyayana, dīpak kumār guptā | ||
| 260 | _c2015 | ||
| 300 |
_a292पृ0 _ap. _ccm. |
||
| 650 | _aदर्शनशास्त्र | ||
| 700 |
_aदिल्ली विशविद्यालय. कला संकाय. दर्शनशास्त्र विभाग _9556891 |
||
| 942 |
_cDIS _2CC |
||
| 999 |
_c888144 _d888144 |
||